The Amazing Race: Single Visit Countries - Statistics

General Stats
  • This quiz has been taken 37 times
    11 since last reset
  • The average score is 26 of 38
Answer Stats
Continent Answer % Correct
Africa Egypt
100%
South America Bolivia
90%
Africa Kenya
90%
Europe Liechtenstein
90%
Asia Laos
80%
Europe Lithuania
80%
Europe Monaco
80%
Asia Mongolia
80%
Africa Senegal
80%
Europe Slovenia
80%
South America Ecuador
70%
Europe Estonia
70%
Africa Ethiopia
70%
Africa Ghana
70%
Europe Hungary
70%
Africa Malawi
70%
Africa Mauritius
70%
Africa Mozambique
70%
Africa Tunisia
70%
Asia Armenia
60%
Asia Bahrain
60%
North America Barbados
60%
Africa Burkina Faso
60%
North America Costa Rica
60%
North America Dominican Republic
60%
Europe Finland
60%
Asia Georgia
60%
Asia Jordan
60%
Asia Kuwait
60%
Africa Madagascar
60%
Africa Seychelles
60%
Africa Uganda
60%
Europe Ukraine
60%
Asia Azerbaijan
50%
North America Jamaica
50%
Europe Malta
50%
Europe Romania
50%
North America Trinidad and Tobago
50%
No matching quizzes found
Score Distribution
Percent of People with Each Score
Percentile by Number Answered
Your Score History
You have not taken this quiz since the last reset